LEADER 05611nam 2200733Ia 450 001 9910457232703321 005 20200520144314.0 010 $a1-281-05109-8 010 $a9786611051099 010 $a0-08-047787-9 035 $a(CKB)1000000000357840 035 $a(EBL)294134 035 $a(OCoLC)469499281 035 $a(SSID)ssj0000156686 035 $a(PQKBManifestationID)11149091 035 $a(PQKBTitleCode)TC0000156686 035 $a(PQKBWorkID)10124117 035 $a(PQKB)10102824 035 $a(MiAaPQ)EBC294134 035 $a(PPN)170235394 035 $a(Au-PeEL)EBL294134 035 $a(CaPaEBR)ebr10186062 035 $a(CaONFJC)MIL105109 035 $a(EXLCZ)991000000000357840 100 $a20051101d2006 uy 0 101 0 $aeng 135 $aur|n|---||||| 181 $ctxt 182 $cc 183 $acr 200 00$aFootprints in the soil$b[electronic resource] $epeople and ideas in soil history /$fedited by Benno P. Warkentin 205 $a1st ed. 210 $aAmsterdam ;$aBoston $cElsevier$d2006 215 $a1 online resource (573 p.) 300 $a"Stories about the accumulation of soil knowledge over the millenia." 300 $a"International Union of Soil Sciences; 18th WCSS 2006; Soil Science Society of America"--P. [ii]. 311 $a0-444-52177-1 320 $aIncludes bibliographical references and indexes. 327 $aFront Cover; Footprints in the Soil: People and Ideas in Soil History; Copyright Page; Table of Contents; List of Contributors; Preface; Acknowledgments; Special Acknowledgment and Appreciation to Dan Yaalon; Section I: Early Understanding of Soils; Chapter 1. Soil Scientists in Ancient Rome; Introduction; Soil Terminology and Soil Concepts; Methods for Testing Soils; Suitability Descriptions; Concluding Remarks; Sources: Editions and Abbreviations; References; Chapter 2. Aztec Soil Knowledge: Classes, Management, and Ecology; Sources; Aztec Soil Descriptions: Texts and Glyphs 327 $aAztec Agricultural Soil ClassesControl of the Soil Environment; Non-agricultural Application of Aztec Soil Knowledge; Retrospect; References; Chapter 3. The Heritage of Soil Knowledge Among the World's Cultures; Introduction; Significance of Indigenous Knowledge; Approaches to Indigenous Knowledge Documentation and Evaluation; Case Studies to Illustrate the Scope of Indigenous Knowledge of Soil; Soil Knowledge Among Cultures in Humid Tropical Lowlands; Soil Knowledge Among Cultures in Arid and Semiarid Lands; Soil Knowledge Among Cultures in Mountain Regions; Conclusions; Acknowledgments 327 $aReferencesChapter 4. Some Major Scientists (Palissy, Buffon, Thaer, Darwin and Mu?ller) Have Described Soil Profiles and Developed Soil Survey Techniques Before 1883; Abstract; Introduction; 1563,1580: The Auger and Its Use Described by Bernard Palissy; 1734: Description of Soil Horizons, Erosion and Geochemical Cycles by Georges-Louis Ledere de Buffon; 1791: William Bartram, Traveller and Observer of Soils of the United States; 1812: Mapping and Agricultural Soils Analysis by Daniel Albrecht Thaer; 1837: Pedological Profile Drawings by Charles Darwin; 1870-1877: A. Orth 327 $a1879,1884: The Natural Forms of Humus and the Birth of Pedology with the Danish Forester P.E. Mu?llerConclusion; Acknowledgement; References; Chapter 5. Souls and Soils: A Survey of Worldviews; Introduction; Summary; References; Section II: Soil as a Natural Body; Chapter 6. The Roots of Dokuchaev's Scientific Contributions: Cadastral Soil Mapping and Agro-Environmental Issues; Introduction; The Scientific Societies; Maps and Cadasters; Grain Yields and Ecological Issues; Conclusion; References 327 $aChapter 7. Philosophical Developments in Pedology in the United States: Eugene Hilgard and Milton WhitneyIntroduction; The Calm Before the Storm; Stormy Skies; A Deluge Begins; ""There is More to Come""; Acknowledgments; Appendix; References; Inset; Chapter 8. Development of the Soil Cover Pattern and Soil Catena Concepts; Introduction; Early Soil Surveys and Initial Accumulation of Soil Cover Pattern Data; Soil Catena Concept as a Component of a Soil Geography Paradigm; Soil Landscape Models and the Soil Cover Pattern Concept; Summary; References Cited 327 $aChapter 9. A History of Soil Geomorphology in the United States 330 $aThe history of science discipline is contributing valuable knowledge of the culture of soil understanding, of the conditions in society that fostered the ideas, and of why they developed in certain ways. This book is about the progressive "footprints? made by scientists in the soil. It contains chapters chosen from important topics in the development of soil science, and tells the story of the people and the exciting ideas that contributed to our present understanding of soils. Initiated by discussions within the Soil Science Society of America and the International Union of Soil Sciences, th 606 $aSoil science$xHistory 606 $aSoils 608 $aElectronic books. 615 0$aSoil science$xHistory. 615 0$aSoils. 676 $a631.4 676 $a631.4/9 22 676 $a631.49 701 $aWarkentin$b Benno P$043691 712 02$aInternational Union of Soil Sciences. 712 02$aSoil Science Society of America. 712 12$aWorld Congress of Soil Science$d(18th :$f2006) 801 0$bMiAaPQ 801 1$bMiAaPQ 801 2$bMiAaPQ 906 $aBOOK 912 $a9910457232703321 996 $aFootprints in the soil$92238641 997 $aUNINA LEADER 03039nam 2200337 450 001 9910725006203321 005 20230630194351.0 035 $a(CKB)5470000002601609 035 $a(NjHacI)995470000002601609 035 $a(EXLCZ)995470000002601609 100 $a20230630d1999 uy 0 101 0 $afre 135 $aur||||||||||| 181 $ctxt$2rdacontent 182 $cc$2rdamedia 183 $acr$2rdacarrier 200 12$aL'annee politique au Que?bec $e1997-1998 /$fRobert Boily 210 1$aMontreal :$cPresses de l'Universite? de Montre?al,$d1999. 215 $a1 online resource (270 pages) 327 $aSommaire Presentation I. LES ASPECTS INSTITUTIONNELS Quand les nauds se resserrent De l'affairisme A? la politique frustree Qu'il est difficile ... La vie parlementaire Le personnel politique quebecois: un bilan Les budgets quebecois de 1988-1989 A? 1998-1999 Les partis de gouvernement et l'administration publique: les convergences l'emportent Le local dans la glace II. LA VIE POLITIQUE Les debats ideologiques La vie des partis Le mouvement syndical Le patronat quebecois, 1988-1998 Demandes sociales et action collective: les defis des annees 1980 et 1990 Opinion publique: impasse constitutionnelle et reorientation du rA??le des gouvernements Les tendances du vote, 1985-1995 L'appui aux partis politiques quebecois, 1989-1998 Le comportement electoral des Quebecois d'origine immigrante dans la region de Montreal, 1986-1998 III. LES DONNA?ES STATISTIQUES Profil du Quebec. 330 $aUne analyse des faits marquants de l'anne?e et un tableau syste?matique de la situation politique au Que?bec. Un ouvrage de re?fe?rence qui contient e?galement un bilan de la de?cennie e?coule?e. 1997-1998. Une anne?e d'e?lections ge?ne?rales, avec a? la te?te du Parti libe?ral un nouveau chef, Jean Charest. Une anne?e ou? la Cour supre?me s'est prononce?e sur la le?galite? d'une e?ventuelle de?claration unilate?rale d'inde?pendance du Que?bec. Une anne?e ou? se sont amorce?es les discussions entre les provinces sur l'union sociale ... On trouvera dans cette e?dition l'analyse des faits marquants, pre?sente?e sous les me?mes rubriques que les anne?es pre?ce?dentes, de fac?on a? dresser un tableau syste?matique de la situation politique de l'anne?e et un bilan de la de?cennie e?coule?e. Et aux rubriques habituelles, s'ajoute un nouveau chapitre sur les relations avec les peuples autochtones. Personnel politique, fonctionnaires, leaders d'opinion, professeurs et e?tudiants pourront s'appuyer sur ces analyses concises et documente?es pour de?gager les tendances politiques de fond de la socie?te? que?be?coise. 517 $aAnnée politique au Québec 607 $aQue?bec (Province)$xPolitics and government 676 $a320.971404 700 $aBoily$b Robert$0942999 801 0$bNjHacI 801 1$bNjHacl 906 $aBOOK 912 $a9910725006203321 996 $aL'annee politique au Que?bec$93394210 997 $aUNINA LEADER 02207nas 2200673- 450 001 9910167559003321 005 20250515111859.0 011 $a2044-1290 035 $a(DE-599)ZDB2625773-7 035 $a(OCoLC)792986571 035 $a(CKB)2550000000015546 035 $a(CONSER)--2016207361 035 $a(EXLCZ)992550000000015546 100 $a20100712a20109999 --- a 101 0 $aeng 135 $aurcnu|||||||| 181 $ctxt$2rdacontent 182 $cc$2rdamedia 183 $acr$2rdacarrier 200 00$aAdvances in mental health and intellectual disabilities 210 1$aHove, East Sussex :$cPier Professional,$d2010- 210 3$aBingley, UK :$cEmerald Group Publishing 311 08$a2044-1282 606 $aLearning disabled$xMental health services$zGreat Britain$vPeriodicals 606 $aLearning disabilities 606 $aMental health 606 $aLearning Disabilities 606 $aMental Health 606 $aPersonnes en difficulté d'apprentissage$xServices de santé mentale$zGrande-Bretagne$vPériodiques 606 $aTroubles de l'apprentissage 606 $aSanté mentale 606 $amental health$2aat 606 $aMental health$2fast 606 $aLearning disabilities$2fast 606 $aTrastorns de l'aprenentatge$2thub 606 $aSalut mental$2thub 607 $aGreat Britain$2fast 608 $aPeriodical 608 $aPeriodicals. 608 $aPeriodicals$2fast 608 $aRevistes electròniques$2thub 615 0$aLearning disabled$xMental health services 615 0$aLearning disabilities. 615 0$aMental health. 615 2$aLearning Disabilities. 615 2$aMental Health 615 6$aPersonnes en difficulté d'apprentissage$xServices de santé mentale 615 6$aTroubles de l'apprentissage. 615 6$aSanté mentale. 615 7$amental health. 615 7$aMental health 615 7$aLearning disabilities 615 7$aTrastorns de l'aprenentatge 615 7$aSalut mental 676 $a362.30941 906 $aJOURNAL 912 $a9910167559003321 996 $aAdvances in mental health and intellectual disabilities$92250714 997 $aUNINA